| 000 | 00629nam a2200253Ia 4500 | ||
|---|---|---|---|
| 008 | 140626s9999 xx 000 0 und d | ||
| 100 | _aVarona, Bernice. | ||
| 245 | 4 |
_aThe best surf spots in the Philippines : _b where to get stoked / _cBernice Varona ... [et al.]. |
|
| 260 | _cc2013. | ||
| 300 | _a7 : 2, page 61 | ||
| 440 | _aSide Trip | ||
| 521 | _aTOU | ||
| 650 | _aBaler. | ||
| 650 | _aBatangas. | ||
| 650 | _aBest surfing spots. | ||
| 650 | _aDaet. | ||
| 650 | _aDetour. | ||
| 650 | _aIlocos. | ||
| 650 | _aLa union. | ||
| 650 | _aSamar. | ||
| 650 | _aSiargaois. | ||
| 650 | _aSurfing. | ||
| 942 | _cSE | ||
| 999 |
_c121145 _d121145 |
||